One Piece - Fruits du démon Zoan - Statistiques

Statistiques générales
  • Ce quiz a été pris 73 fois
    3 depuis la dernière actualisation
  • Le résultat moyen est 46 sur 86
Statistiques - réponses
Personnage % Correct
Alber
100%
Bee Anne
100%
Black Maria
100%
Dalton
100%
Pell
100%
Jabura
100%
Jack
100%
Kaido
100%
Kaku
100%
Kozuki Momonosuke
100%
Marco
100%
Page One
100%
Pekoms
100%
Rob Lucci
100%
Saint Jaygarcia Saturn
100%
Sasaki
100%
Scien
100%
Tony Tony Chopper
100%
Ulti
100%
Who's Who
100%
X Drake
100%
Yamato
100%
Bao Huang
67%
Baron Tamago
67%
Boa Marigold
67%
Briscola
67%
Catarina Devon
67%
Chaka
67%
Daifugo
67%
Boa Sandersonia
67%
Drophy
67%
Hamlet
67%
Holdem
67%
Kurozumi Orochi
67%
Loki
67%
Minochihuahua
67%
Minokoala
67%
Minorhinocéros
67%
Minotaure
67%
Minozèbre
67%
Monkey D. Luffy
67%
Morgans
67%
Poker
67%
Saint Marcus Mars
67%
Saint Shepherd Ju Peter
67%
Saint Topman Warcury
67%
Sengoku
67%
Smiley
67%
Speed
67%
Stronger
67%
Alpagaman
33%
Batman
33%
Cerbère
33%
Dobon
33%
Funkfreed
33%
Kabu
33%
Lassou
33%
Mizerka
33%
Mouseman
33%
Onimaru
33%
Pierre
33%
Rabbitman
33%
Ragnir
33%
Saint Ethanbaron V. Nusjuro
33%
Solitaire
33%
Stussy
33%
Babanuki
0%
Bunbuku
0%
Dachoman
0%
Dalmatien
0%
Epoida
0%
Four Tricks
0%
Gazelleman
0%
Gin Rummy
0%
Hoisassa
0%
Hound
0%
Madilloman
0%
Nure Onna
0%
Onigumo
0%
Pomsky
0%
Saint Limoshiv Killingham
0%
Sarahebi
0%
Sheep's Head
0%
Snakeman
0%
Tenjo Sagari
0%
Wanyudo
0%
Aucun quiz correspondant
Distribution des résultats
% des personnes avec chaque résultat
Percentile par nombre de réponses
Votre historique - résultats
Vous n’avez pas pris ce quiz depuis la dernière actualisation